|
|
|
|
| LEADER |
02361nam a22005415i 4500 |
| 001 |
978-1-4612-1280-5 |
| 003 |
DE-He213 |
| 005 |
20151204164531.0 |
| 007 |
cr nn 008mamaa |
| 008 |
131005s2006 xxu| s |||| 0|eng d |
| 020 |
|
|
|a 9781461212805
|9 978-1-4612-1280-5
|
| 024 |
7 |
|
|a 10.1007/978-1-4612-1280-5
|2 doi
|
| 040 |
|
|
|d GrThAP
|
| 050 |
|
4 |
|a QH345
|
| 050 |
|
4 |
|a QD415-436
|
| 072 |
|
7 |
|a PSB
|2 bicssc
|
| 072 |
|
7 |
|a SCI007000
|2 bisacsh
|
| 082 |
0 |
4 |
|a 572
|2 23
|
| 245 |
1 |
0 |
|a Reviews of Environmental Contamination and Toxicology
|h [electronic resource] :
|b Continuation of Residue Reviews /
|c edited by George W. Ware.
|
| 264 |
|
1 |
|a New York, NY :
|b Springer New York :
|b Imprint: Springer,
|c 2006.
|
| 300 |
|
|
|a XI, 261 p.
|b online resource.
|
| 336 |
|
|
|a text
|b txt
|2 rdacontent
|
| 337 |
|
|
|a computer
|b c
|2 rdamedia
|
| 338 |
|
|
|a online resource
|b cr
|2 rdacarrier
|
| 347 |
|
|
|a text file
|b PDF
|2 rda
|
| 490 |
1 |
|
|a Reviews of Environmental Contamination and Toxicology,
|x 0179-5953 ;
|v 187
|
| 505 |
0 |
|
|a Does Pesticide Risk Assessment in the European Union Assess Long-Term Effects? -- Sulfonamides in the Environment as Veterinary Drugs -- Terminology of Gonadal Anomalies in Fish and Amphibians Resulting from Chemical Exposures -- Behavior of Pesticides in Water—Sediment Systems.
|
| 520 |
|
|
|a Reviews of Environmental Contamination and Toxicology provides detailed review articles concerned with aspects of chemical contaminants, including pesticides, in the total environment with toxicological considerations and consequences.
|
| 650 |
|
0 |
|a Life sciences.
|
| 650 |
|
0 |
|a Biochemistry.
|
| 650 |
|
0 |
|a Applied ecology.
|
| 650 |
|
0 |
|a Environment.
|
| 650 |
|
0 |
|a Environmental chemistry.
|
| 650 |
|
0 |
|a Pollution.
|
| 650 |
1 |
4 |
|a Life Sciences.
|
| 650 |
2 |
4 |
|a Biochemistry, general.
|
| 650 |
2 |
4 |
|a Pollution, general.
|
| 650 |
2 |
4 |
|a Environmental Chemistry.
|
| 650 |
2 |
4 |
|a Applied Ecology.
|
| 650 |
2 |
4 |
|a Environment, general.
|
| 700 |
1 |
|
|a Ware, George W.
|e editor.
|
| 710 |
2 |
|
|a SpringerLink (Online service)
|
| 773 |
0 |
|
|t Springer eBooks
|
| 776 |
0 |
8 |
|i Printed edition:
|z 9781461270768
|
| 830 |
|
0 |
|a Reviews of Environmental Contamination and Toxicology,
|x 0179-5953 ;
|v 187
|
| 856 |
4 |
0 |
|u http://dx.doi.org/10.1007/978-1-4612-1280-5
|z Full Text via HEAL-Link
|
| 912 |
|
|
|a ZDB-2-EES
|
| 950 |
|
|
|a Earth and Environmental Science (Springer-11646)
|